[Event "Aarhus Sommerskak 2021"]
[Site "Aarhus"]
[Date "2021.08.01"]
[Round "9"]
[White "Christensen, Jan Schleicher"]
[Black "Easwaralingam, Adesh"]
[Result "1/2-1/2"]
[WhiteElo "2171"]
[BlackElo "2141"]
[PlyCount "22"]
[EventDate "2021.07.26"]
[EventType "swiss"]
[EventRounds "9"]
[EventCountry "DEN"]

1. d4 e6 2. Nf3 c5 3. e3 Nf6 4. Bd3 b6 5. O-O Bb7 6. c4 Be7 7. Nc3 cxd4 8. exd4
d5 9. cxd5 Nxd5 10. Ne5 O-O 11. Qg4 Nf6 1/2-1/2

[Event "Aarhus Sommerskak 2021"]
[Site "Aarhus"]
[Date "2021.08.01"]
[Round "9"]
[White "Koellner, Aaron Noah"]
[Black "Rewitz, Poul"]
[Result "0-1"]
[WhiteElo "2257"]
[BlackElo "2289"]
[PlyCount "136"]
[EventDate "2021.07.26"]
[EventType "swiss"]
[EventRounds "9"]
[EventCountry "DEN"]

1. d4 f5 2. Bg5 g6 3. h4 Bg7 4. Nc3 d5 5. e3 c6 6. Bd3 Nd7 7. Qf3 Qb6 8. O-O-O
e5 9. dxe5 Nxe5 10. Qg3 Nf7 11. Nge2 Nf6 12. Nd4 Nh5 13. Qf3 O-O 14. Bf4 Nxf4
15. Qxf4 Bh6 16. Na4 Qb4 17. Nxc6 Qxf4 18. Ne7+ Kg7 19. exf4 Bxf4+ 20. Kb1 Be6
21. Nc5 Kf6 22. Rhe1 Be5 23. Nxe6 Kxe6 24. Nxf5 gxf5 25. f4 Rg8 26. Rd2 Rg4 27.
fxe5 Rxh4 28. Rf2 Nh6 29. g3 Rh3 30. c4 d4 31. c5 Rc8 32. Bc4+ Ke7 33. b4 b6
34. Ba6 Rc7 35. cxb6 axb6 36. Rd2 Rd7 37. Bb5 Rd5 38. Bc6 Rd8 39. Rd3 Ng4 40.
Bb5 Ne3 41. Rc1 Nd5 42. Bc4 Nc3+ 43. Kb2 b5 44. Bb3 f4 45. Rf3 Rh2+ 46. Ka1 Ra8
47. Rfxc3 dxc3 48. gxf4 Rf8 49. Rxc3 Rxf4 50. Rc7+ Kd8 51. Rc1 Rxb4 52. Bd5 Rd4
53. Bf7 Re4 54. e6 Ree2 55. e7+ Kxe7 56. Bb3 h5 57. Rg1 h4 58. Rg7+ Kf6 59.
Rf7+ Ke5 60. Rf1 h3 61. Kb1 Rhg2 62. a4 Rb2+ 63. Ka1 Rxb3 64. axb5 h2 65. b6
Rg1 66. b7 Rxf1+ 67. Ka2 Rxb7 68. Ka3 Ra1# 0-1